[Event "Imperia op-A 43rd"]
[Site "Imperia"]
[Date "2001.09.05"]
[Round "5"]
[White "Scarenzio, Renato"]
[Black "Riccio, Eros"]
[Result "1/2-1/2"]
[WhiteElo "2140"]
[BlackElo "2194"]
[PlyCount "37"]
[EventDate "2001.09.02"]
[EventType "swiss"]
[EventRounds "9"]
[EventCountry "ITA"]
[SourceTitle "EXT 2024"]
[Source "ChessBase"]
[SourceDate "2023.10.10"]
[SourceVersion "1"]
[SourceVersionDate "2023.10.10"]
[SourceQuality "1"]

1. d4 d5 2. c4 dxc4 3. Qa4+ Nc6 4. Nf3 Nf6 5. e3 Nd7 6. Bxc4 Nb6 7. Qb3 Nxc4 8. Qxc4 Bg4 9. d5 Bxf3 10. gxf3 Ne5 11. Qb5+ Qd7 12. Qxb7 Rd8 13. f4 Nd3+ 14. Ke2 Qxd5 15. Qxd5 Rxd5 16. Nc3 Rd7 17. Rd1 Nc5 18. Rxd7 Kxd7 19. b3 1/2-1/2

[Event "ITA-ch sf 61st"]
[Site "Limone Piemonte"]
[Date "2001.06.29"]
[Round "6"]
[White "Buchicchio, Giampaolo"]
[Black "Scarenzio, Renato"]
[Result "0-1"]
[WhiteElo "2148"]
[BlackElo "2082"]
[PlyCount "56"]
[EventDate "2001.06.24"]
[EventType "swiss"]
[EventRounds "8"]
[EventCountry "ITA"]
[SourceTitle "EXT 2002"]
[Source "ChessBase"]
[SourceDate "2001.11.25"]
[SourceVersion "1"]
[SourceVersionDate "2001.11.25"]
[SourceQuality "1"]

1. e4 c6 2. Nc3 d5 3. Qf3 dxe4 4. Nxe4 Nd7 5. b3 Ndf6 6. Bb2 Nxe4 7. Qxe4 e6 8. c4 Nf6 9. Qc2 Bc5 10. Be2 Qb6 11. Nh3 e5 12. 0-0-0 Bxh3 13. gxh3 Bd4 14. Qf5 Bxb2+ 15. Kxb2 Qd4+ 16. Kb1 Ne4 17. Bf3 Nxf2 18. Rhe1 Nd3 19. Kc2 Rd8 20. Bd5 Nxe1+ 21. Rxe1 cxd5 22. Rxe5+ Kf8 23. Rxd5 Rxd5 24. cxd5 Ke7 25. Qg5+ Kd6 26. Qg3+ Kxd5 27. Qg5+ Ke6 28. Kb1 Qe4+ 0-1

[Event "ITA-ch sf 61st"]
[Site "Limone Piemonte"]
[Date "2001.06.28"]
[Round "5"]
[White "Scarenzio, Renato"]
[Black "Barlocco, Carlo"]
[Result "1-0"]
[WhiteElo "2082"]
[BlackElo "2129"]
[PlyCount "107"]
[EventDate "2001.06.24"]
[EventType "swiss"]
[EventRounds "8"]
[EventCountry "ITA"]
[SourceTitle "EXT 2002"]
[Source "ChessBase"]
[SourceDate "2001.11.25"]
[SourceVersion "1"]
[SourceVersionDate "2001.11.25"]
[SourceQuality "1"]

1. d4 d5 2. c4 Bf5 3. Nf3 e6 4. Qb3 Nc6 5. Bg5 Nxd4 6. Nxd4 Qxg5 7. Nc3 0-0-0 8. Nf3 Qh6 9. cxd5 exd5 10. e3 Qb6 11. Qxb6 axb6 12. 0-0-0 Nf6 13. Bd3 Bxd3 14. Rxd3 Bb4 15. Ne5 Bxc3 16. Rxc3 Rhf8 17. Rd1 Ne4 18. Ra3 c6 19. f3 Nd6 20. Rc3 Rfe8 21. Rxd5 Kb8 22. Nxc6+ bxc6 23. Rxc6 Nc8 24. Rxd8 Rxd8 25. Kc2 Kb7 26. Rc4 Nd6 27. Rh4 h6 28. Rd4 Kc6 29. e4 Ra8 30. e5 Nb5 31. Rg4 Rg8 32. a4 Nc7 33. Rf4 Rf8 34. Rc4+ Kd7 35. f4 Nd5 36. Kd3 f5 37. g3 g5 38. h4 gxf4 39. gxf4 Rc8 40. e6+ Kd8 41. Rd4 Rc5 42. b4 Rc3+ 43. Kd2 Ke7 44. Rxd5 Rc4 45. Rb5 Kxe6 46. Rxb6+ Kd5 47. Rb5+ Ke4 48. a5 Rd4+ 49. Ke2 Rc4 50. a6 Rc8 51. Ra5 Kxf4 52. b5 Kg3 53. a7 Re8+ 54. Kf1 1-0

[Event "Torino Svolta op 2nd"]
[Site "Torino"]
[Date "2001.06.01"]
[Round "7"]
[White "Scarenzio, Renato"]
[Black "Sarno, Spartaco"]
[Result "1/2-1/2"]
[WhiteElo "2107"]
[BlackElo "2407"]
[PlyCount "133"]
[EventDate "2001.05.26"]
[EventType "swiss"]
[EventRounds "9"]
[EventCountry "ITA"]
[SourceTitle "EXT 2024"]
[Source "ChessBase"]
[SourceDate "2023.10.10"]
[SourceVersion "1"]
[SourceVersionDate "2023.10.10"]
[SourceQuality "1"]

1. d4 Nf6 2. c4 g6 3. Nc3 Bg7 4. e4 d6 5. f3 0-0 6. Bg5 a6 7. Qd2 Nc6 8. Nge2 Rb8 9. a4 Re8 10. Nd1 Bd7 11. Nec3 e5 12. d5 Nd4 13. Ra3 h6 14. Be3 c5 15. dxc6 bxc6 16. Bd3 h5 17. c5 a5 18. cxd6 Be6 19. Ne2 Rb4 20. Nxd4 exd4 21. Bf4 Bb3 22. Bc2 Bc4 23. b3 Ba6 24. Nf2 Nd5 25. Bd3 Bc8 26. Bc4 Ne3 27. Bxe3 dxe3 28. Qxe3 Qxd6 29. 0-0 Bd4 30. Qc1 h4 31. Kh1 Be6 32. Bxe6 Qxe6 33. Nd3 Rb6 34. h3 Reb8 35. Re1 Rxb3 36. Nc5 Bxc5 37. Qxc5 Rb2 38. Rd1 Qf6 39. Rad3 Ra2 40. Qxa5 Rbb2 41. Qd8+ Qxd8 42. Rxd8+ Kg7 43. Rg1 Rxa4 44. Rc8 Rc4 45. Rc7 Kf6 46. Rd1 Ke6 47. Rc8 Rcc2 48. f4 Kf6 49. Rc7 Rxg2 50. e5+ Kf5 51. Rxf7+ Ke4 52. Rfd7 Rh2+ 53. Kg1 Rbg2+ 54. Kf1 Rf2+ 55. Kg1 Rhg2+ 56. Kh1 Kxf4 57. e6 Re2 58. Rf7+ Kg5 59. Rd3 Rgf2 60. Rxf2 Rxf2 61. Re3 Rf8 62. e7 Re8 63. Re6 c5 64. Kg2 Kf5 65. Re1 Kf6 66. Rc1 Rxe7 67. Rxc5 1/2-1/2

[Event "Torino Svolta op 2nd"]
[Site "Torino"]
[Date "2001.05.30"]
[Round "5"]
[White "Diana, Riccardo"]
[Black "Scarenzio, Renato"]
[Result "1/2-1/2"]
[WhiteElo "2190"]
[BlackElo "2107"]
[PlyCount "94"]
[EventDate "2001.05.26"]
[EventType "swiss"]
[EventRounds "9"]
[EventCountry "ITA"]
[SourceTitle "EXT 2024"]
[Source "ChessBase"]
[SourceDate "2023.10.10"]
[SourceVersion "1"]
[SourceVersionDate "2023.10.10"]
[SourceQuality "1"]

1. c4 c6 2. d4 d5 3. Nf3 Nf6 4. cxd5 cxd5 5. Nc3 Nc6 6. Bf4 e6 7. e3 Be7 8. Bd3 0-0 9. h3 Bd7 10. 0-0 Rc8 11. Ne5 Qb6 12. Bg5 Qxb2 13. Bxf6 Nxe5 14. Bxe7 Nxd3 15. Bxf8 Qxc3 16. Bd6 Bb5 17. Qb3 Qxb3 18. axb3 a6 19. Rfd1 Rc6 20. Bg3 Rc2 21. Rab1 Kf8 22. Bd6+ Ke8 23. Rf1 Kd7 24. Ba3 f5 25. Bf8 g6 26. Ba3 h6 27. Bf8 h5 28. h4 Ke8 29. Bh6 Ke7 30. Bg5+ Kd7 31. Bh6 b6 32. Bf8 Ke8 33. Bd6 Kd8 34. Bf8 a5 35. Bd6 Ba6 36. Ra1 Bb5 37. Bf8 Ke8 38. Bd6 Kd7 39. Bf8 Rc8 40. Ba3 Rc3 41. Rab1 Ba6 42. Bf8 Rc8 43. Ba3 Rc2 44. Bf8 Kc6 45. Be7 Bb5 46. Bd8 Kb7 47. Ra1 Ba6 1/2-1/2

[Event "Turin op"]
[Site "Turin"]
[Date "2000.11.23"]
[Round "6"]
[White "Van Hoolandt, Patrick"]
[Black "Scarenzio, Renato"]
[Result "0-1"]
[WhiteElo "2169"]
[BlackElo "2024"]
[PlyCount "70"]
[EventDate "2000.11.18"]
[EventType "swiss"]
[EventRounds "9"]
[EventCountry "ITA"]
[SourceTitle "CBM 079 Extra"]
[Source "ChessBase"]
[SourceDate "2001.01.11"]
[SourceVersion "2"]
[SourceVersionDate "2001.01.25"]
[SourceQuality "1"]

1. c4 c6 2. Nf3 d5 3. b3 Nf6 4. g3 Bg4 5. Bg2 e6 6. Bb2 Nbd7 7. 0-0 Be7 8. d3 0-0 9. Nbd2 a5 10. a3 Re8 11. Qc2 e5 12. h3 Bh5 13. g4 e4 14. dxe4 dxe4 15. gxh5 exf3 16. Bxf3 a4 17. b4 Qc7 18. Qc3 Qf4 19. Ne4 Bd8 20. Rfd1 Ne5 21. Rd4 Nxf3+ 22. exf3 Bc7 23. Ng3 Qe5 24. f4 Qe6 25. Kg2 c5 26. Re4 cxb4 27. axb4 Qc6 28. b5 Qd6 29. Rae1 Red8 30. h6 Ba5 31. Qf3 Nxe4 32. Nf5 Qg6+ 33. Qg4 Qxg4+ 34. hxg4 Bxe1 35. hxg7 Bc3 0-1

[Event "Imperia op-A 42nd"]
[Site "Imperia"]
[Date "2000.09.09"]
[Round "8"]
[White "Semeria, Marco"]
[Black "Scarenzio, Renato"]
[Result "1-0"]
[WhiteElo "2063"]
[BlackElo "2024"]
[PlyCount "101"]
[EventDate "2000.09.03"]
[EventType "swiss"]
[EventRounds "9"]
[EventCountry "ITA"]
[SourceTitle "EXT 2001"]
[Source "ChessBase"]
[SourceDate "2000.11.22"]
[SourceVersion "1"]
[SourceVersionDate "2000.11.22"]
[SourceQuality "1"]

1. e4 c6 2. d4 d5 3. exd5 cxd5 4. c4 Nf6 5. Nc3 e6 6. Nf3 Nc6 7. a3 Be7 8. Bf4 0-0 9. c5 Nh5 10. Be3 Qc7 11. Bb5 Nf6 12. 0-0 Ne4 13. Rc1 Bd7 14. b4 Ne5 15. Bxd7 Nxd7 16. a4 a6 17. Qb3 Bf6 18. Nxe4 dxe4 19. Nd2 Qc6 20. Qc2 e5 21. dxe5 Bxe5 22. Nxe4 f5 23. Ng5 Kh8 24. Nf3 f4 25. Nxe5 Nxe5 26. Bd4 Ng6 27. f3 Rad8 28. Rfd1 Rfe8 29. Bf2 b5 30. Rxd8 Rxd8 31. Rd1 Re8 32. Rd6 Qc8 33. axb5 axb5 34. Qd3 Qb8 35. h3 Ne5 36. Qf5 Nc4 37. Rd7 Ne5 38. Rd6 Nc4 39. Rd4 Rf8 40. Qd7 Ne5 41. Qd6 Qxd6 42. Rxd6 Nc4 43. Rd7 Ne5 44. Rb7 Rd8 45. Bd4 Nc6 46. Bxg7+ Kg8 47. Bh6 Nxb4 48. Rxb5 Rd4 49. Rb8+ Kf7 50. Rf8+ Ke6 51. Rxf4 1-0

[Event "Turin SVOLTA op"]
[Site "Turin"]
[Date "2000.06.02"]
[Round "6"]
[White "Scarenzio, Renato"]
[Black "Saccona, Silvano"]
[Result "1-0"]
[WhiteElo "2013"]
[BlackElo "2113"]
[PlyCount "101"]
[EventDate "2000.05.06"]
[EventType "swiss"]
[EventRounds "8"]
[EventCountry "ITA"]
[SourceTitle "CBM 076 Extra"]
[Source "ChessBase"]
[SourceDate "2000.07.11"]
[SourceVersion "1"]
[SourceVersionDate "2000.07.11"]
[SourceQuality "1"]

1. d4 c6 2. c4 d5 3. Nc3 Nf6 4. Nf3 e6 5. Bg5 Be7 6. e3 0-0 7. Rc1 Nbd7 8. Bd3 dxc4 9. Bxc4 b5 10. Bd3 Bb7 11. 0-0 Re8 12. Qc2 Rc8 13. Bf4 a6 14. Ng5 Nf8 15. Be5 g6 16. Nge4 Nd5 17. Nxd5 cxd5 18. Nc5 Qb6 19. b4 Red8 20. a4 Bc6 21. Qe2 Be8 22. axb5 f6 23. Bf4 Bxb5 24. Nxa6 Bxa6 25. Bxa6 Rxc1 26. Rxc1 Qxb4 27. Qb5 Qa3 28. Rc6 Qa1+ 29. Qf1 Qxf1+ 30. Bxf1 Kf7 31. Bb5 g5 32. Bg3 Ng6 33. Rc7 h5 34. Ra7 Kf8 35. Bc7 Rc8 36. Bd7 Rxc7 37. Rxc7 Kf7 38. Rc8 f5 39. Be8+ Kf6 40. Rc7 Nf8 41. Bxh5 Nh7 42. h3 Nf8 43. Kf1 Nh7 44. f4 gxf4 45. exf4 Nf8 46. Ke2 e5 47. dxe5+ Ke6 48. Kd3 Nh7 49. Rb7 Nf8 50. Bf3 Bc5 51. g4 1-0

[Event "Imperia op-A 41st"]
[Site "Imperia"]
[Date "1999.09.03"]
[Round "7.24"]
[White "Basciu, Simone"]
[Black "Scarenzio, Renato"]
[Result "0-1"]
[WhiteElo "2080"]
[BlackElo "1908"]
[PlyCount "74"]
[EventDate "1999.08.29"]
[EventType "swiss"]
[EventRounds "9"]
[EventCountry "ITA"]
[SourceTitle "EXT 2024"]
[Source "ChessBase"]
[SourceDate "2023.10.10"]
[SourceVersion "1"]
[SourceVersionDate "2023.10.10"]
[SourceQuality "1"]

1. d4 d5 2. Nf3 c6 3. c4 Nf6 4. Nc3 dxc4 5. a4 Bg4 6. Ne5 Bh5 7. g3 e6 8. Bg2 Bb4 9. 0-0 0-0 10. Nxc4 a5 11. h3 Nbd7 12. g4 Bg6 13. Bf4 Nd5 14. Nxd5 cxd5 15. Na3 Qf6 16. Bg3 Rfc8 17. e3 Rc6 18. Qe2 Rac8 19. Qb5 Nb6 20. Rfd1 Qe7 21. Bf1 Be4 22. Bg2 Bxg2 23. Kxg2 Nc4 24. Nxc4 Rxc4 25. b3 Rc2 26. Qf1 Ba3 27. Qb5 Qb4 28. Qxb4 Bxb4 29. Rd3 Kf8 30. Kf3 Ke7 31. e4 dxe4+ 32. Kxe4 R8c3 33. Rb1 f5+ 34. gxf5 exf5+ 35. Ke3 g5 36. f4 Rxd3+ 37. Kxd3 Rc3+ 0-1

[Event "Imperia op-A 41st"]
[Site "Imperia"]
[Date "1999.08.29"]
[Round "1.29"]
[White "Jandovsky, Viktor"]
[Black "Scarenzio, Renato"]
[Result "1-0"]
[WhiteElo "2184"]
[BlackElo "1908"]
[PlyCount "89"]
[EventDate "1999.08.29"]
[EventType "swiss"]
[EventRounds "9"]
[EventCountry "ITA"]
[SourceTitle "EXT 2024"]
[Source "ChessBase"]
[SourceDate "2023.10.10"]
[SourceVersion "1"]
[SourceVersionDate "2023.10.10"]
[SourceQuality "1"]

1. e4 c6 2. d4 d5 3. Nc3 dxe4 4. Nxe4 Nd7 5. Ng5 Ngf6 6. Bd3 e6 7. Qe2 h6 8. N5f3 c5 9. c3 Bd6 10. Bd2 Qc7 11. h4 0-0 12. Nh3 Re8 13. 0-0-0 a6 14. Bc2 b5 15. g4 cxd4 16. Nxd4 Bb7 17. g5 Bxh1 18. gxf6 e5 19. Nf5 Nxf6 20. Rxh1 Kh8 21. Ng5 Rad8 22. Ne4 Nxe4 23. Qxe4 g6 24. Rg1 Bf8 25. Qg2 b4 26. h5 Re6 27. Nh4 Rxd2 28. hxg6 Rxc2+ 29. Kxc2 Rxg6 30. Nxg6+ fxg6 31. Qxg6 Qh7 32. Qxh7+ Kxh7 33. Kd3 bxc3 34. bxc3 Bc5 35. Rg2 h5 36. Ke4 Bd6 37. f3 h4 38. Rh2 Be7 39. Kf5 Kg7 40. Ke6 Bg5 41. c4 Kh6 42. c5 Kh5 43. c6 Bf4 44. Rxh4+ Kxh4 45. c7 1-0

[Event "Imperia op-A 41th"]
[Site "Imperia"]
[Date "1999.08.??"]
[Round "?"]
[White "Scarenzio, Renato"]
[Black "Stodola, Jaroslav"]
[Result "1/2-1/2"]
[WhiteElo "1908"]
[BlackElo "2146"]
[PlyCount "109"]
[EventDate "1999.08.29"]
[EventType "swiss"]
[EventRounds "9"]
[EventCountry "ITA"]
[SourceTitle "EXT 2024"]
[Source "ChessBase"]
[SourceDate "2023.10.10"]
[SourceVersion "1"]
[SourceVersionDate "2023.10.10"]
[SourceQuality "1"]

1. d4 Nf6 2. c4 c5 3. d5 e6 4. Nc3 exd5 5. cxd5 d6 6. e4 g6 7. f3 Bg7 8. Bg5 h6 9. Be3 0-0 10. Be2 Re8 11. Qd2 Kh7 12. g4 a6 13. h4 Ng8 14. h5 g5 15. Nh3 Nd7 16. Bxg5 Bxc3 17. bxc3 hxg5 18. Nxg5+ Kg7 19. h6+ Kg6 20. h7 Ngf6 21. Ne6 fxe6 22. dxe6 Nxg4 23. fxg4 Qg5 24. h8N+ Rxh8 25. Qxg5+ Kxg5 26. Rxh8 Nb6 27. e7 Bd7 28. Rd8 Kf6 29. e8Q Bxe8 30. Rxd6+ Ke5 31. Rxb6 Bc6 32. Rxc6 bxc6 33. Bf3 Kf4 34. Ke2 Rb8 35. Rd1 a5 36. Rd2 a4 37. a3 Rb3 38. Ra2 Rxc3 39. Bg2 c4 40. Kd2 Rg3 41. Kc1 Ke5 42. Rf2 Rxg4 43. Rf5+ Kd4 44. Bf3 Rg3 45. Kd2 Rh3 46. e5 Rh2+ 47. Kc1 Kc3 48. Bxc6 Kb3 49. Rf3+ c3 50. Bxa4+ Kxa4 51. Rxc3 Re2 52. Rc5 Kxa3 53. Kd1 Kb4 54. Rb5+ Kxb5 55. Kxe2 1/2-1/2